Luật và tư vấn luật doanh nghiệp và người dân cần biết

Gorde:
Xehetasun bibliografikoak
Formatua: Liburua
Hizkuntza:Undetermined
Argitaratua: H. Thông tấn 2004
Gaiak:
Etiketak: Etiketa erantsi
Etiketarik gabe, Izan zaitez lehena erregistro honi etiketa jartzen!
Thư viện lưu trữ: Trung tâm Học liệu Trường Đại học Cần Thơ
LEADER 00530nam a2200181Ia 4500
001 CTU_59830
008 210402s9999 xx 000 0 und d
020 |b 250000 
082 |a 346.597065 
082 |b L504 
245 0 |a Luật và tư vấn luật doanh nghiệp và người dân cần biết 
260 |a H. 
260 |b Thông tấn 
260 |c 2004 
650 |a business enterprises 
650 |x law and legislation 
904 |i Minh 
980 |a Trung tâm Học liệu Trường Đại học Cần Thơ